header

Spatial control of vibration (Record no. 34741)

MARC details
000 -LEADER
fixed length control field 01412nam a2200337Ia 4500
100 1# - MAIN ENTRY--AUTHOR NAME
Personal name Moheimani, S. O. Reza,
245 10 - TITLE STATEMENT
Title Spatial control of vibration
260 ## - PUBLICATION, DISTRIBUTION, ETC. (IMPRINT)
Place of publication Singapore :
Name of publisher World Scientific,
Year of publication c2003.
300 ## - PHYSICAL DESCRIPTION
Number of Pages xii, 223 p. :
Other physical details ill.
490 1# - SERIES STATEMENT
Series statement Series on stability, vibration, and control of systems. Series A ;
650 #0 - SUBJECT ADDED ENTRY--TOPICAL TERM
Topical Term Spatial systems.
Topical Term Vibration.
700 1# - ADDED ENTRY--PERSONAL NAME
Personal name Fleming, Andrew J.
Personal name Halim, Dunant.
856 40 - ELECTRONIC LOCATION AND ACCESS
Uniform Resource Identifier http://site.ebrary.com/lib/rucke/Doc?id=10255781

No items available.

© 2026 Rongo University
Contact us: librarian | system librarian | Rongo university